Dobré scénáře, ale neznáme provedení

Črty smerovania klimaticko-energetickej politiky krajín EÚ do roku 2030. Problém energetickej bezpečnosti a zároveň konkurencieschopnosti. Predstava Európskej energetickej únie.

Gespeichert in:
Bibliographische Detailangaben
1. Verfasser: Geussová, Milena
Format: Buchkapitel
Sprache:Tschechisch
Schlagworte:
Tags: Tag hinzufügen
Keine Tags, Fügen Sie das erste Tag hinzu!

MARC

LEADER 00000naa a2200000 4500
001 0196781
005 20221020083542.6
041 0 |a cze 
044 |a CZ 
245 1 0 |a Dobré scénáře, ale neznáme provedení  |c Milena Geussová 
520 |a Črty smerovania klimaticko-energetickej politiky krajín EÚ do roku 2030. Problém energetickej bezpečnosti a zároveň konkurencieschopnosti. Predstava Európskej energetickej únie. 
610 2 0 |a Európska únia 
610 2 0 |a zmeny klimatické 
610 2 0 |a politika bezpečnostná 
610 2 0 |a politika energetická 
100 1 |a Geussová, Milena